[Event "Konik Morski Rewala OPEN A"]
[Site "Rewal"]
[Date "2007.08.24"]
[Round "4.8"]
[White "Galazewski, Tomasz"]
[Black "Chojnacki, Krzysztof"]
[Result "1/2-1/2"]
[WhiteElo "2259"]
[BlackElo "2372"]
[PlyCount "67"]
[EventDate "2007.??.??"]

1. e4 e5 2. Nf3 Nc6 3. Bb5 a6 4. Ba4 Nf6 5. O-O Be7 6. Bxc6 dxc6 7. d3 Nd7 8.
Nbd2 O-O 9. Nc4 f6 10. b3 Nc5 11. Bb2 Be6 12. Ne3 g6 13. Qe2 Qe8 14. Rad1 a5
15. d4 Nxe4 16. Nc4 Nd6 17. dxe5 Nxc4 18. bxc4 f5 19. Bc1 Qf7 20. Rfe1 Rfd8 21.
Rxd8+ Rxd8 22. Ng5 Bxg5 23. Bxg5 Rd4 24. Qe3 Qd7 25. h4 Rxc4 26. Qa7 Qc8 27.
Qxa5 Rd4 28. Bf6 b6 29. Qa3 c5 30. Qc1 Qd7 31. h5 Rd2 32. Bg5 Rd4 33. Bf6 Rd2
34. Bg5 1/2-1/2

[Event "Konik Morski Rewala OPEN A"]
[Site "Rewal"]
[Date "2007.08.24"]
[Round "4.9"]
[White "Sieciechowicz, Marcin"]
[Black "Skalski, Michal"]
[Result "0-1"]
[WhiteElo "2214"]
[BlackElo "2330"]
[PlyCount "71"]
[EventDate "2007.??.??"]

1. d4 g6 2. c4 Bg7 3. Nc3 c5 4. d5 d6 5. e4 e6 6. Nf3 Ne7 7. Be2 O-O 8. O-O
exd5 9. cxd5 a6 10. a4 f5 11. e5 dxe5 12. d6 Nec6 13. Qd5+ Kh8 14. Qxc5 Be6 15.
Bg5 Qe8 16. Qb6 e4 17. Nd2 Bd4 18. Qxb7 Ra7 19. d7 Qf7 20. d8=N Qe8 21. Nxc6
Nxc6 22. Qxa6 Rxa6 23. Bxa6 Qb8 24. Rab1 Qb6 25. Bc4 Ne5 26. a5 Qc6 27. Bb5 Qc7
28. Ne2 Ng4 29. Nf4 Bf7 30. h3 Nxf2 31. Rxf2 Bxf2+ 32. Kxf2 Qc5+ 33. Kg3 Qxb5
34. h4 Kg7 35. Be7 Re8 36. Bg5 0-1

[Event "Konik Morski Rewala OPEN A"]
[Site "Rewal"]
[Date "2007.08.24"]
[Round "4.10"]
[White "Krzyzanowski, Marcin"]
[Black "Swiercz, Dariusz"]
[Result "1-0"]
[WhiteElo "2206"]
[BlackElo "2281"]
[PlyCount "67"]
[EventDate "2007.??.??"]

1. e4 c5 2. Nf3 d6 3. d4 cxd4 4. Nxd4 Nf6 5. Nc3 a6 6. Be2 e5 7. Nb3 Be7 8. O-O
Be6 9. Kh1 O-O 10. f4 exf4 11. Bxf4 Nc6 12. Qe1 Ne8 13. Rd1 Bh4 14. Qd2 Bf6 15.
Qe3 Rc8 16. a3 Qe7 17. Qg3 Be5 18. Bxe5 Nxe5 19. Nd4 Nc7 20. Rde1 f6 21. Nd1 g6
22. Ne3 Qg7 23. Rd1 Bf7 24. Qf2 Ne8 25. Ndf5 gxf5 26. Nxf5 Qg5 27. h4 Qxf5 28.
Qxf5 Rxc2 29. Bh5 Ng7 30. Bxf7+ Rxf7 31. Qh3 h5 32. Qb3 Rc4 33. Rxd6 Kh7 34.
Rb6 1-0

[Event "Konik Morski Rewala OPEN A"]
[Site "Rewal"]
[Date "2007.08.24"]
[Round "4.11"]
[White "Rudolf, Michal"]
[Black "Bebel, Arkadiusz"]
[Result "1-0"]
[WhiteElo "2419"]
[BlackElo "2142"]
[PlyCount "69"]
[EventDate "2007.??.??"]

1. d4 Nf6 2. Nf3 c5 3. d5 e6 4. Nc3 exd5 5. Nxd5 Nxd5 6. Qxd5 d6 7. e4 Nc6 8.
Ng5 Qc7 9. Bc4 Ne5 10. Bb5+ Nc6 11. O-O a6 12. Bxc6+ bxc6 13. Qd3 h6 14. Nf3
Be7 15. Bf4 O-O 16. Nd2 Qd8 17. Rad1 f5 18. Qb3+ Kh7 19. Nc4 Be6 20. exf5 Bxc4
21. Qxc4 d5 22. Qd3 c4 23. Qh3 Bg5 24. Be5 Bf6 25. Rfe1 Qa5 26. Qg3 Rae8 27. f4
Bxe5 28. Qg6+ Kh8 29. fxe5 Re7 30. Qxc6 Qxa2 31. f6 gxf6 32. Qd6 Rff7 33. Qb8+
Kh7 34. Ra1 Qxb2 35. Qxb2 1-0

[Event "Konik Morski Rewala OPEN A"]
[Site "Rewal"]
[Date "2007.08.24"]
[Round "4.12"]
[White "Orzech, Dominik"]
[Black "Stoma, Pawel"]
[Result "1/2-1/2"]
[WhiteElo "2394"]
[BlackElo "2233"]
[PlyCount "21"]
[EventDate "2007.??.??"]

1. Nf3 Nf6 2. c4 c5 3. g3 Nc6 4. Bg2 g6 5. O-O Bg7 6. d4 cxd4 7. Nxd4 Nxd4 8.
Qxd4 d6 9. Nc3 O-O 10. Qd3 Qb6 11. b3 1/2-1/2

[Event "Konik Morski Rewala OPEN A"]
[Site "Rewal"]
[Date "2007.08.24"]
[Round "4.13"]
[White "Wieclaw, Michal"]
[Black "Gumula, Daniel"]
[Result "0-1"]
[WhiteElo "2228"]
[BlackElo "2387"]
[PlyCount "62"]
[EventDate "2007.??.??"]

1. e4 c5 2. Nf3 Nc6 3. d4 cxd4 4. Nxd4 e5 5. Nb5 d6 6. N1c3 a6 7. Na3 b5 8. Nd5
Nge7 9. c4 Nd4 10. Be3 Nxd5 11. exd5 Be7 12. cxb5 O-O 13. Bxd4 exd4 14. Bc4
Qa5+ 15. Qd2 Bd8 16. Qxa5 Bxa5+ 17. Kd1 Rb8 18. f3 Bd7 19. Bd3 axb5 20. Nc2
Rfc8 21. Rc1 Rc5 22. b4 Rc3 23. Bxh7+ Kxh7 24. bxa5 b4 25. Kd2 Bf5 26. a6 Rd3+
27. Ke2 Re8+ 28. Kf1 Rc3 29. Re1 Bd3+ 30. Kg1 Rxe1+ 31. Nxe1 Bxa6 0-1

[Event "Konik Morski Rewala OPEN A"]
[Site "Rewal"]
[Date "2007.08.24"]
[Round "4.14"]
[White "Philippe, Christophe"]
[Black "Mazurkiewicz, Michal"]
[Result "1-0"]
[WhiteElo "2368"]
[BlackElo "2199"]
[PlyCount "99"]
[EventDate "2007.??.??"]

1. e4 c5 2. Nc3 e6 3. Nf3 d6 4. d4 cxd4 5. Nxd4 Nf6 6. Be2 Be7 7. O-O a6 8. f4
Nbd7 9. Be3 Qc7 10. a4 b6 11. Bf3 Bb7 12. Qe2 O-O 13. Kh1 Rac8 14. Rae1 Rfe8
15. g4 e5 16. Nf5 Qc4 17. Qg2 exf4 18. Bxf4 Ne5 19. Bxe5 dxe5 20. g5 Nd7 21.
Nh6+ Kh8 22. Be2 Qc7 23. Nxf7+ Kg8 24. Bg4 Bb4 25. Qh3 Re7 26. Be6 Nf8 27. g6
Rxe6 28. gxh7+ Nxh7 29. Qxe6 Nf8 30. Qb3 Qc4 31. Qxc4 Rxc4 32. Nxe5 Rd4 33. Nd3
Bxc3 34. bxc3 Rxa4 35. Nb4 Ne6 36. Ra1 Rxa1 37. Rxa1 Nc5 38. Kg1 Nxe4 39. Nxa6
Nxc3 40. Nb4 Nb5 41. Kf2 Kf7 42. Ke3 Kf6 43. Rf1+ Ke7 44. Rg1 Kf6 45. Nd3 Nd6
46. Kd4 Nf5+ 47. Kc3 Ne3 48. Re1 Nd5+ 49. Kd4 g5 50. Rb1 1-0

[Event "Konik Morski Rewala OPEN A"]
[Site "Rewal"]
[Date "2007.08.24"]
[Round "4.15"]
[White "Christensen, Bo Garner"]
[Black "Walach, Marcin"]
[Result "0-1"]
[WhiteElo "2223"]
[BlackElo "2367"]
[PlyCount "82"]
[EventDate "2007.??.??"]

1. e4 e5 2. Nf3 Nc6 3. Nc3 Nf6 4. Bb5 Nd4 5. Bc4 d5 6. Bxd5 Nxd5 7. Nxd5 Bg4 8.
c3 Nxf3+ 9. gxf3 Bh5 10. d3 c6 11. Ne3 Qh4 12. Ng4 Bc5 13. Qe2 O-O-O 14. Be3
Bxe3 15. Qxe3 Bxg4 16. fxg4 Qxg4 17. Kd2 g6 18. Kc2 Kb8 19. Rad1 Rd6 20. h3 Qe6
21. f4 f6 22. fxe5 fxe5 23. Rhf1 Rhd8 24. b3 Qe7 25. Qg3 c5 26. h4 Rf6 27. Rxf6
Qxf6 28. Rd2 Rf8 29. Qg5 Kc7 30. a4 Rf7 31. Rg2 Kd6 32. Qg4 Qf1 33. Rd2 Qa1 34.
Qd1 Qxd1+ 35. Rxd1 Rf2+ 36. Rd2 Rxd2+ 37. Kxd2 a5 38. Ke3 h6 39. Kf3 Ke6 40.
Ke3 Kf6 41. Kf3 h5 0-1

[Event "Konik Morski Rewala OPEN A"]
[Site "Rewal"]
[Date "2007.08.24"]
[Round "4.16"]
[White "Maryasin, Boris"]
[Black "Zgadzaj, Rafal"]
[Result "1/2-1/2"]
[WhiteElo "2321"]
[BlackElo "2212"]
[PlyCount "108"]
[EventDate "2007.??.??"]

1. e4 d6 2. d4 Nf6 3. Nc3 g6 4. f4 Bg7 5. Nf3 c5 6. Bb5+ Bd7 7. Bxd7+ Qxd7 8.
dxc5 dxc5 9. Be3 b6 10. Ne5 Qb7 11. Qf3 Nbd7 12. O-O O-O 13. Nxd7 Nxd7 14. e5
Qxf3 15. Rxf3 Rfd8 16. Rd1 Nf8 17. Rff1 g5 18. Nd5 Rd7 19. g3 gxf4 20. gxf4 e6
21. Nc3 Rad8 22. Rxd7 Rxd7 23. Ne4 Ng6 24. Kf2 Nh4 25. Rg1 Kf8 26. Ng5 Kg8 27.
Ne4 Kf8 28. Ke2 Nf5 29. c3 Rd8 30. Bf2 Bh6 31. Rg4 Bg7 32. Bh4 Rd7 33. Bf6 Bh6
34. Ng3 Bg7 35. Nh5 Bh6 36. Ng3 Bg7 37. Ne4 Bh6 38. a4 Rd5 39. Bh8 Rd8 40. Ng3
Bg7 41. Bxg7+ Nxg7 42. Ne4 Nf5 43. Nf6 Ke7 44. h3 h5 45. Rg1 h4 46. Ne4 c4 47.
Rd1 Rg8 48. Kf3 Rg2 49. Rd2 Rg1 50. Kf2 Rh1 51. Kg2 Ra1 52. Nf6 Rxa4 53. Rd7+
Kf8 54. Rd8+ Kg7 1/2-1/2

[Event "Konik Morski Rewala OPEN A"]
[Site "Rewal"]
[Date "2007.08.24"]
[Round "4.17"]
[White "Walentukiewicz, Michal"]
[Black "Strzemiecki, Zbigniew"]
[Result "1-0"]
[WhiteElo "2201"]
[BlackElo "2306"]
[PlyCount "99"]
[EventDate "2007.??.??"]

1. g3 d5 2. Bg2 Nf6 3. c4 e6 4. Nf3 c5 5. O-O Nc6 6. cxd5 exd5 7. d4 Ne4 8. Nc3
Be7 9. Be3 Nxc3 10. bxc3 cxd4 11. cxd4 O-O 12. Ne5 Na5 13. Bd2 f6 14. Bxa5 Qxa5
15. Nd3 Rd8 16. Qb3 Be6 17. Nf4 Bf7 18. Qxb7 Bf8 19. Rab1 g5 20. Rb5 Qd2 21.
Bxd5 Bxd5 22. Nxd5 Bg7 23. Ne7+ Kh8 24. Nf5 Rg8 25. Nxg7 Rab8 26. Qc6 Rxb5 27.
Qxb5 Kxg7 28. Qd7+ Kg6 29. Qd5 Rb8 30. e4 Qd3 31. Qf5+ Kg7 32. Qd7+ Kg6 33.
Qf5+ Kg7 34. Rc1 Rb1 35. Rxb1 Qxb1+ 36. Kg2 Qxa2 37. e5 Qd5+ 38. Kg1 Qc6 39. d5
Qc1+ 40. Kg2 fxe5 41. Qxe5+ Kg6 42. Qe6+ Kg7 43. Qe7+ Kg6 44. Qxa7 Qd1 45. Qb6+
Kh5 46. Qe6 g4 47. Qf5+ Kh6 48. h3 gxh3+ 49. Qxh3+ Kg5 50. Qe6 1-0

[Event "Konik Morski Rewala OPEN A"]
[Site "Rewal"]
[Date "2007.08.24"]
[Round "4.18"]
[White "Tokarski, Lukasz"]
[Black "Zierke, Oliver"]
[Result "0-1"]
[WhiteElo "2168"]
[BlackElo "2302"]
[PlyCount "68"]
[EventDate "2007.??.??"]

1. e4 c5 2. Nf3 Nc6 3. d4 cxd4 4. Nxd4 Nf6 5. Nc3 d6 6. Bg5 e6 7. Qd2 Be7 8.
O-O-O O-O 9. f4 h6 10. Bh4 e5 11. Nf5 Bxf5 12. exf5 exf4 13. Be2 Rc8 14. Qxf4
d5 15. Bf3 Qa5 16. Qa4 Qb6 17. Rhe1 d4 18. Nb5 Bb4 19. Re2 Rfd8 20. Kb1 Bc5 21.
g4 a6 22. Na3 d3 23. cxd3 Nd4 24. Rf2 Nb5 25. Nxb5 Bxf2 26. Bxf6 Qxf6 27. Nc3
Bd4 28. Ne4 Qe5 29. Rd2 Rc7 30. Qb3 Rdc8 31. a3 Rc1+ 32. Ka2 R8c6 33. Ng3 Rb6
34. Qd5 Qe1 0-1

[Event "Konik Morski Rewala OPEN A"]
[Site "Rewal"]
[Date "2007.08.24"]
[Round "4.19"]
[White "Llanezavega, Patricia"]
[Black "Kubit, Tomasz"]
[Result "1/2-1/2"]
[WhiteElo "2298"]
[BlackElo "2198"]
[PlyCount "81"]
[EventDate "2007.??.??"]

1. e4 d5 2. exd5 Nf6 3. d4 Nxd5 4. Nf3 g6 5. Be2 Bg7 6. O-O O-O 7. Re1 Nc6 8.
c3 h6 9. Na3 Bg4 10. Nc4 e6 11. Nfe5 Bxe2 12. Qxe2 Nxe5 13. Nxe5 Ne7 14. Qf3 c6
15. b3 Qd5 16. Qh3 h5 17. Ba3 Rfe8 18. Re2 Nf5 19. Rae1 Rad8 20. Bc5 Ra8 21.
Nc4 Qd8 22. Bb4 Bf8 23. Bxf8 Rxf8 24. Re5 Kg7 25. Nd2 Qh4 26. Qf3 Rad8 27. Qe2
Rd5 28. Ne4 Rfd8 29. Nc5 b6 30. Nd3 a5 31. Re4 Qe7 32. h3 c5 33. Nf4 cxd4 34.
Nxd5 Rxd5 35. cxd4 Nxd4 36. Qc4 Qd6 37. Qc3 Kh7 38. Qc1 Nf5 39. R4e2 Nd4 40.
Re4 Nf5 41. R4e2 1/2-1/2

[Event "Konik Morski Rewala OPEN A"]
[Site "Rewal"]
[Date "2007.08.24"]
[Round "4.20"]
[White "Zilinskas, Vaidas"]
[Black "Majdan, Joanna"]
[Result "0-1"]
[WhiteElo "2150"]
[BlackElo "2296"]
[PlyCount "72"]
[EventDate "2007.??.??"]

1. e4 c5 2. Nc3 Nc6 3. Bb5 Nd4 4. Bc4 e6 5. Nf3 Nf6 6. O-O a6 7. Re1 b5 8. Bf1
Bb7 9. d3 Be7 10. Be3 Nxf3+ 11. Qxf3 Qc7 12. Bf4 d6 13. Rad1 O-O 14. Be2 b4 15.
Nb1 e5 16. Bg5 d5 17. Bxf6 dxe4 18. dxe4 Bxf6 19. Bc4 Rad8 20. Qe2 Rd4 21. f3
Rfd8 22. c3 R4d6 23. Bb3 a5 24. Rxd6 Rxd6 25. Bc4 Qd8 26. Qc2 Bg5 27. Kf2 Bh6
28. g3 Qd7 29. Bf1 Bc6 30. cxb4 cxb4 31. Qc5 Qc7 32. Be2 g6 33. Rd1 Rxd1 34.
Bxd1 Bf8 35. Qc2 Qb6+ 36. Kg2 Qc7 0-1

[Event "Konik Morski Rewala OPEN A"]
[Site "Rewal"]
[Date "2007.08.24"]
[Round "4.21"]
[White "Nguyen, Piotr"]
[Black "Gluszko, Tomasz"]
[Result "0-1"]
[WhiteElo "2283"]
[BlackElo "2119"]
[PlyCount "154"]
[EventDate "2007.??.??"]

1. c4 Nf6 2. Nc3 d5 3. cxd5 Nxd5 4. g3 g6 5. Bg2 Nb6 6. Nf3 Bg7 7. O-O Nc6 8.
d3 O-O 9. Be3 h6 10. Rc1 e5 11. Qd2 Kh7 12. Bc5 Re8 13. Ba3 Bg4 14. Ne1 Nc4 15.
Qd1 Nxa3 16. bxa3 Nd4 17. h3 Bc8 18. Nc2 c6 19. Re1 Qa5 20. Nxd4 exd4 21. Na4
Bf8 22. Rb1 Qc7 23. Qc2 Re5 24. Nb2 Rc5 25. Qa4 Qd8 26. Nc4 Be7 27. Nd2 b5 28.
Qd1 Be6 29. Rc1 Rc8 30. Rxc5 Bxc5 31. Qc1 Be7 32. Qb2 Qa5 33. Rd1 c5 34. Nb3
Qb6 35. Rb1 Rd8 36. Nd2 a6 37. a4 Qa5 38. axb5 axb5 39. Nf3 Rb8 40. Ne5 Qc7 41.
Nc6 Rb6 42. Nxe7 Qxe7 43. Qa3 b4 44. Qa5 Qd6 45. Rc1 Ra6 46. Qxc5 Qxc5 47. Rxc5
Rxa2 48. Bd5 Bxd5 49. Rxd5 Rxe2 50. Rxd4 b3 51. Rb4 b2 52. Kg2 Kg7 53. Rb3 Kf8
54. Kf3 Rc2 55. Rb7 Ke8 56. Ke3 Kd8 57. f4 Kc8 58. Rb3 Kd7 59. Kd4 Kc6 60. Ke5
Rc5+ 61. Kf6 Rb5 62. Rxb2 Rxb2 63. Kxf7 Kd7 64. Kxg6 Rb6+ 65. Kg7 Rd6 66. g4
Rxd3 67. h4 Rd4 68. Kxh6 Rxf4 69. Kg5 Rf8 70. h5 Ke7 71. Kg6 Rg8+ 72. Kh7 Kf7
73. h6 Rg5 74. Kh8 Rg6 75. Kh7 Rxg4 76. Kh8 Rh4 77. h7 Kg6 0-1

[Event "Konik Morski Rewala OPEN A"]
[Site "Rewal"]
[Date "2007.08.24"]
[Round "4.22"]
[White "Dragun, Kamil"]
[Black "Bronowicki, Mateusz"]
[Result "1/2-1/2"]
[WhiteElo "2050"]
[BlackElo "2274"]
[PlyCount "104"]
[EventDate "2007.??.??"]

1. e4 e6 2. d4 d5 3. Nc3 Nc6 4. e5 f6 5. Nf3 Bd7 6. a3 Nh6 7. Bd3 Nf7 8. Qe2
fxe5 9. dxe5 Bc5 10. h4 Qe7 11. Nb5 O-O-O 12. c3 Rdf8 13. b4 Bb6 14. Nbd4 Nh6
15. Bg5 Qe8 16. Nxc6 Bxc6 17. b5 Bd7 18. Nd4 Ba5 19. Bd2 c5 20. bxc6 Bxc6 21.
Rb1 Kb8 22. O-O Rf7 23. Be3 Bb6 24. Rb2 Bxd4 25. Bxd4 Nf5 26. Bxf5 Rxf5 27.
Rfb1 Ka8 28. Qe3 Qg6 29. g3 Qh6 30. Bxa7 Qxe3 31. Bxe3 Rxe5 32. Bd4 Re4 33.
Bxg7 Rg8 34. Bf6 Rg6 35. Be7 Rg7 36. Bg5 Rf7 37. Kf1 Rc4 38. Bd2 Ra4 39. Ra1 e5
40. Rb4 e4 41. Rxa4+ Bxa4 42. Be3 h5 43. Rb1 Rf6 44. Bd4 Ra6 45. Rb6 Rxb6 46.
Bxb6 Bd1 47. Ke1 Bf3 48. Kd2 Kb8 49. Ke3 Kc8 50. Kd4 Kd7 51. Bc5 Kc6 52. Bb4
Kb5 1/2-1/2

[Event "Konik Morski Rewala OPEN A"]
[Site "Rewal"]
[Date "2007.08.24"]
[Round "4.23"]
[White "Jagodzinski, Piotr"]
[Black "Taddei, Benoit"]
[Result "0-1"]
[WhiteElo "2120"]
[BlackElo "2247"]
[PlyCount "92"]
[EventDate "2007.??.??"]

1. e4 c5 2. Nf3 d6 3. d4 cxd4 4. Nxd4 Nf6 5. Nc3 a6 6. Bg5 e6 7. f4 Qb6 8. Qd2
Qxb2 9. Rb1 Qa3 10. e5 dxe5 11. fxe5 Nfd7 12. Bc4 Qc5 13. Bxe6 fxe6 14. Nxe6
Qxe5+ 15. Kd1 Qxe6 16. Re1 Ne5 17. Nd5 Qg4+ 18. Re2 Nbc6 19. Nc7+ Kf7 20. Qd5+
Kg6 21. Rb6 Qd7 22. Rxe5 Qxd5+ 23. Rxd5 Bg4+ 24. Ke1 Bb4+ 25. Kf2 Raf8+ 26. Kg3
Bc8 27. h4 h6 28. Be3 Rf6 29. h5+ Kh7 30. Bc5 Ba5 31. Rd1 Rf5 32. Be3 Rhf8 33.
Nd5 Bxb6 34. Bxb6 Rg5+ 35. Kh2 Rxh5+ 36. Kg1 Bg4 37. Rd2 Rg5 38. Be3 Re5 39.
Bb6 Be6 40. Nc3 Bc4 41. Rd7 Rf1+ 42. Kh2 Rf7 43. Rd2 Rh5+ 44. Kg3 Rg5+ 45. Kh2
Ne5 46. Be3 Ng4+ 0-1

[Event "Konik Morski Rewala OPEN A"]
[Site "Rewal"]
[Date "2007.08.24"]
[Round "4.24"]
[White "Smirnov, Aleksander"]
[Black "Gorol, Magdalena"]
[Result "1-0"]
[WhiteElo "2247"]
[BlackElo "1834"]
[PlyCount "53"]
[EventDate "2007.??.??"]

1. e4 g6 2. d4 Bg7 3. Nc3 d6 4. g3 Nd7 5. Bg2 e6 6. Nge2 Ne7 7. O-O h6 8. Be3
O-O 9. Qd2 Kh7 10. f4 f5 11. Bf2 Rb8 12. Rab1 b6 13. d5 e5 14. b4 Bb7 15. exf5
Nxf5 16. Ne4 a6 17. Rb3 b5 18. g4 Ne7 19. Rh3 Kg8 20. N4c3 Kh7 21. Be3 Nf6 22.
Bf3 Bc8 23. f5 gxf5 24. Bxh6 fxg4 25. Be4+ Kg8 26. Bxg7 gxh3 27. Qh6 1-0

[Event "Konik Morski Rewala OPEN A"]
[Site "Rewal"]
[Date "2007.08.24"]
[Round "4.25"]
[White "Andrenko, Irina"]
[Black "Jerezperez, Alfonso"]
[Result "1/2-1/2"]
[WhiteElo "2108"]
[BlackElo "2397"]
[PlyCount "94"]
[EventDate "2007.??.??"]

1. e4 c5 2. c3 g6 3. d4 cxd4 4. cxd4 d5 5. e5 Nc6 6. Nf3 Bg4 7. Be2 Nh6 8. O-O
Bg7 9. Nbd2 O-O 10. h3 Bf5 11. Qb3 Rb8 12. Re1 b5 13. Nf1 Be4 14. Be3 Nf5 15.
Rad1 Na5 16. Qb4 Nc4 17. Bc1 Qd7 18. b3 a5 19. Qc3 b4 20. Qa1 Bxf3 21. Bxf3 Nb6
22. Ne3 Rfc8 23. Nxf5 gxf5 24. Bf4 Qe6 25. Qb1 Rc3 26. Bd2 Rc6 27. Rc1 Rxc1 28.
Bxc1 Na8 29. Kh2 Nc7 30. g4 f4 31. Bxf4 Nb5 32. Qd3 Nc3 33. a4 Qg6 34. Qxg6
fxg6 35. Rc1 e6 36. Bd2 Rc8 37. Be3 Bf8 38. h4 Be7 39. h5 Kg7 40. hxg6 hxg6 41.
Rc2 Kf7 42. Bg2 g5 43. Bf1 Bd8 44. Bd3 Bb6 45. Kg2 Rh8 46. Rc1 Rh4 47. Kg3 Rh8
1/2-1/2

[Event "Konik Morski Rewala OPEN A"]
[Site "Rewal"]
[Date "2007.08.24"]
[Round "4.26"]
[White "Malinin, Vasily B"]
[Black "Gorecka, Joanna"]
[Result "1-0"]
[WhiteElo "2375"]
[BlackElo "2089"]
[PlyCount "75"]
[EventDate "2007.??.??"]

1. e4 c5 2. Nf3 d6 3. d4 cxd4 4. Nxd4 Nf6 5. Nc3 Nc6 6. Bc4 Qb6 7. Nb3 e6 8.
Qe2 a6 9. f4 Qc7 10. Be3 Be7 11. O-O-O b5 12. Bd3 Bb7 13. Kb1 O-O 14. g4 Nd7
15. g5 Nb6 16. Rdg1 Nb4 17. h4 Nc4 18. Bc1 Nxd3 19. cxd3 b4 20. Nd1 Nb6 21. h5
a5 22. Nd4 Rfc8 23. Nf2 a4 24. Ng4 b3 25. g6 a3 26. gxf7+ Kxf7 27. axb3 Ba6 28.
f5 e5 29. Ne6 Qb7 30. Nxg7 axb2 31. Bxb2 Qa7 32. Nh6+ Kf8 33. Ne6+ Ke8 34. Rg8+
Kd7 35. Rxc8 Bxc8 36. Rc1 Qa2+ 37. Kc2 Ba6 38. Nc5+ 1-0

[Event "Konik Morski Rewala OPEN A"]
[Site "Rewal"]
[Date "2007.08.24"]
[Round "4.27"]
[White "Paci, Cedric"]
[Black "Pieczonka, Marcin"]
[Result "1/2-1/2"]
[WhiteElo "2304"]
[BlackElo "2055"]
[PlyCount "68"]
[EventDate "2007.??.??"]

1. Nf3 Nf6 2. c4 d6 3. d4 g6 4. g3 Bg7 5. Bg2 O-O 6. O-O c5 7. Nc3 Nc6 8. d5
Na5 9. Nd2 e6 10. Rb1 exd5 11. cxd5 Rb8 12. b3 Re8 13. Bb2 b5 14. Qc2 b4 15.
Nce4 Bf5 16. Nxf6+ Bxf6 17. e4 Bd7 18. f4 Bxb2 19. Qxb2 Qc7 20. e5 Bf5 21. Be4
Bh3 22. Bd3 Bxf1 23. Rxf1 dxe5 24. Ne4 Rb6 25. d6 Rxd6 26. fxe5 Rde6 27. Bb5
Rd8 28. Nf6+ Kg7 29. Ne8+ Rdxe8 30. Bxe8 Qxe5 31. Rxf7+ Kh6 32. Qd2+ Qe3+ 33.
Qxe3+ Rxe3 34. Rxa7 Rxe8 1/2-1/2

[Event "Konik Morski Rewala OPEN A"]
[Site "Rewal"]
[Date "2007.08.24"]
[Round "4.28"]
[White "Witek, Tomasz"]
[Black "Chojnacki, Slawomir"]
[Result "0-1"]
[WhiteElo "2105"]
[BlackElo "2235"]
[PlyCount "48"]
[EventDate "2007.??.??"]

1. d4 d5 2. c4 e6 3. Nc3 Nf6 4. cxd5 exd5 5. Bg5 c6 6. Qc2 Bd6 7. e3 Bg4 8. Bd3
Nbd7 9. Nge2 Bh5 10. f3 Bg6 11. e4 dxe4 12. fxe4 Bb4 13. O-O-O Qa5 14. Bf4 O-O
15. Rhe1 Rfe8 16. a3 Bf8 17. Ng3 b5 18. Kb1 b4 19. axb4 Bxb4 20. Re2 Nh5 21.
Nxh5 Bxh5 22. Bc4 Bxc3 23. bxc3 Nb6 24. Ba2 Na4 0-1

[Event "Konik Morski Rewala OPEN A"]
[Site "Rewal"]
[Date "2007.08.24"]
[Round "4.29"]
[White "Organisciak, Wojciech"]
[Black "Wojciechowski, Piotr"]
[Result "0-1"]
[WhiteElo "2095"]
[BlackElo "2228"]
[PlyCount "61"]
[EventDate "2007.??.??"]

1. e4 c5 2. Nc3 Nc6 3. f4 e6 4. g3 d5 5. Bg2 dxe4 6. Nxe4 Nh6 7. b3 e5 8. fxe5
Qd4 9. c3 Qxe5 10. Qe2 Bf5 11. d4 cxd4 12. Bxh6 gxh6 13. cxd4 Qa5+ 14. Nc3+ Be7
15. Qc4 Rc8 16. Nge2 Nb4 17. Qb5+ Qxb5 18. Nxb5 Nc2+ 19. Kf2 Nxa1 20. Rxa1 Rc2
21. Rc1 Rxa2 22. Rc7 Bb4 23. Rxb7 O-O 24. Nc7 a5 25. Bf3 Rd8 26. Nd5 Bd3 27.
Ndf4 Ba6 28. Ra7 Bxe2 29. Bxe2 Bc3 30. Kf3 Bxd4 31. Rb7 0-1

[Event "Konik Morski Rewala OPEN A"]
[Site "Rewal"]
[Date "2007.08.24"]
[Round "4.30"]
[White "Baumann, Dariusz"]
[Black "Gasik, Anna"]
[Result "1/2-1/2"]
[WhiteElo "2050"]
[BlackElo "2214"]
[PlyCount "101"]
[EventDate "2007.??.??"]

1. d4 f5 2. g3 Nf6 3. Bg2 e6 4. Nf3 Be7 5. O-O O-O 6. c4 d6 7. b4 Qe8 8. Qb3
Kh8 9. Bb2 Qh5 10. Nbd2 Nc6 11. c5 Ne4 12. Nxe4 fxe4 13. Nd2 d5 14. e3 Bd7 15.
Bc3 Rf6 16. Qd1 Qh6 17. Qe2 Rf5 18. f3 Bg5 19. Rae1 exf3 20. Nxf3 a6 21. Bd2
Ne7 22. Nxg5 Rxf1+ 23. Rxf1 Qxg5 24. e4 Qg6 25. Rf4 Rg8 26. Qf2 Qe8 27. h4 Bc6
28. e5 Ba4 29. Bh3 Bd7 30. Rf3 Nc6 31. a3 Nd8 32. Kh2 Ba4 33. Bg5 Bd1 34. Rf4
Nc6 35. Qd2 Bh5 36. Rf2 Bg6 37. g4 h6 38. Be3 Rf8 39. Kg3 Rxf2 40. Qxf2 Qf7 41.
g5 hxg5 42. hxg5 Kg8 43. Bg4 Qxf2+ 44. Kxf2 Kf7 45. Ke1 Be4 46. Kd2 g6 47. Kc3
Na7 48. a4 b5 49. cxb6 cxb6 50. Be2 b5 51. a5 1/2-1/2

[Event "Konik Morski Rewala OPEN A"]
[Site "Rewal"]
[Date "2007.08.24"]
[Round "4.31"]
[White "Zurkowski, Andrzej"]
[Black "Pazdziora, Michal"]
[Result "1/2-1/2"]
[WhiteElo "2015"]
[BlackElo "2205"]
[PlyCount "151"]
[EventDate "2007.??.??"]

1. d4 d5 2. c4 e6 3. Nc3 c6 4. Nf3 Nf6 5. e3 a6 6. cxd5 exd5 7. Bd3 Bd6 8. O-O
Bg4 9. Qc2 Bxf3 10. gxf3 Qc7 11. f4 Nbd7 12. f3 O-O-O 13. Rb1 g5 14. fxg5 Rdg8
15. e4 Bf4 16. e5 Rxg5+ 17. Kh1 Nh5 18. Ne2 Bxc1 19. Rbxc1 Qd8 20. f4 Rg4 21.
Bf5 Rg7 22. Bh3 Rg6 23. f5 Rh6 24. f6 Nhxf6 25. Rxf6 Rxh3 26. Qf5 Re3 27. Nf4
Kb8 28. Rxf7 Nb6 29. Rg1 Qh4 30. Ng2 Qe4 31. Qf4 Re2 32. e6+ Ka7 33. e7 Re8 34.
Qxe4 Rxe4 35. Rxh7 Rxd4 36. Nh4 Nc8 37. Nf5 Re4 38. Rf7 Nxe7 39. Nd6 Nc8 40.
Nxe8 Rxe8 41. h4 Rh8 42. Rf4 Nd6 43. Kh2 Kb6 44. Rg6 Nc4 45. Rg5 Kc5 46. b3 Nd2
47. Kh3 Kd6 48. Rf6+ Kc5 49. Rf7 Ne4 50. Rg6 Nd6 51. Rf4 Ne4 52. Kg4 Nc3 53. a3
d4 54. h5 Nd5 55. Rf3 d3 56. Rxd3 Rxh5 57. Kxh5 Nf4+ 58. Kh4 Nxd3 59. Rg4 Ne5
60. Re4 Kd5 61. Ra4 Nd3 62. Rc4 Ne5 63. Rc1 Nd3 64. Rc4 Ne5 65. Rc1 Nd3 66. Rc2
c5 67. Kg3 b5 68. Rh2 Kd4 69. Kf3 Nc1 70. b4 cxb4 71. axb4 Nd3 72. Ke2 Nxb4 73.
Kd2 Kc4 74. Rh3 Nd5 75. Ra3 Nb4 76. Kc1 1/2-1/2

[Event "Konik Morski Rewala OPEN A"]
[Site "Rewal"]
[Date "2007.08.24"]
[Round "4.32"]
[White "Mazalon, Mariusz"]
[Black "Demidowicz, Maria"]
[Result "1/2-1/2"]
[WhiteElo "2158"]
[BlackElo "1979"]
[PlyCount "97"]
[EventDate "2007.??.??"]

1. Nf3 Nf6 2. g3 g6 3. Bg2 Bg7 4. O-O O-O 5. d3 d6 6. e4 c5 7. Nbd2 Nc6 8. c3
Nd7 9. Nh4 e5 10. Nc4 Nb6 11. Ne3 Be6 12. a4 c4 13. a5 Nd7 14. dxc4 Nxa5 15.
Qxd6 Nxc4 16. Qb4 Qc7 17. Nd5 Bxd5 18. exd5 a5 19. Qa4 Ndb6 20. Qc2 a4 21. Rd1
Rfd8 22. Nf3 h6 23. Nd2 f5 24. Nxc4 Qxc4 25. Be3 Nxd5 26. Bxd5+ Rxd5 27. Rxd5
Qxd5 28. Rxa4 Rd8 29. Ra1 Qf3 30. Qa4 Kh7 31. Qa5 Rd1+ 32. Rxd1 Qxd1+ 33. Kg2
f4 34. gxf4 Qg4+ 35. Kf1 exf4 36. Ba7 Qh3+ 37. Ke2 Qe6+ 38. Kd2 Qb3 39. Kc1 Qe6
40. Qb5 Qe1+ 41. Kc2 Qe4+ 42. Kb3 f3 43. Qd7 Kg8 44. Qd8+ Kh7 45. Qd7 Kg8 46.
Qd8+ Kh7 47. Qd7 Kg8 48. Qc8+ Kh7 49. Qd7 1/2-1/2

[Event "Konik Morski Rewala OPEN A"]
[Site "Rewal"]
[Date "2007.08.24"]
[Round "4.33"]
[White "Musialkiewicz, Jan"]
[Black "Pigula, Marek"]
[Result "1/2-1/2"]
[WhiteElo "1926"]
[BlackElo "2141"]
[PlyCount "44"]
[EventDate "2007.??.??"]

1. e4 c5 2. Nc3 Nc6 3. g3 g6 4. Bg2 Bg7 5. d3 d6 6. Nge2 e6 7. O-O Nge7 8. Be3
O-O 9. f4 Nd4 10. Qd2 Rb8 11. a4 a6 12. a5 Nec6 13. Bxd4 Nxd4 14. Nd1 b5 15.
axb6 Qxb6 16. Nxd4 Bxd4+ 17. Kh1 Bd7 18. e5 c4 19. dxc4 Bc5 20. exd6 Bc6 21.
Bxc6 Qxc6+ 22. Qg2 Qxd6 1/2-1/2

[Event "Konik Morski Rewala OPEN A"]
[Site "Rewal"]
[Date "2007.08.24"]
[Round "4.34"]
[White "Klekowski, Maciej"]
[Black "Wiewiora, Eneasz"]
[Result "1-0"]
[WhiteElo "2118"]
[BlackElo "1911"]
[PlyCount "75"]
[EventDate "2007.??.??"]

1. c4 c5 2. Nc3 Nc6 3. g3 g6 4. Bg2 Bg7 5. d3 d6 6. f4 e6 7. e4 Nge7 8. Nf3 O-O
9. O-O a6 10. Be3 Nd4 11. Qd2 Nec6 12. Ne2 Rb8 13. Nexd4 Nxd4 14. Bxd4 cxd4 15.
b4 Bd7 16. a4 b6 17. b5 axb5 18. axb5 Ra8 19. e5 d5 20. Nxd4 Qe7 21. Nb3 Rxa1
22. Rxa1 f6 23. Qc3 fxe5 24. fxe5 Qg5 25. Re1 dxc4 26. dxc4 Rf5 27. Qd3 Be8 28.
h4 Qe7 29. Qd6 Kf7 30. Qxb6 Bxe5 31. g4 Qxh4 32. Rxe5 Rxe5 33. Qc7+ Kf8 34.
Qxe5 Qxg4 35. Nd4 Qh4 36. Nxe6+ Kf7 37. Ng5+ Kg8 38. Qxe8+ 1-0